Kraus A., Amoniak v krvi pri tehotenských gestózach

Bibliographic Details
Main Author: Slivka, O. (Author)
Format: Article
Language:Slovak

MARC

LEADER 00000nab a2200000ua 4500
001 vtls010756931
003 SK-MaSNL
005 20260304200729.0
008 250718s1963 xo |||||||||||||||||slo|
035 |a (urnnbn)urn:nbn:sk:snk:ar-a0390f 
035 |a (uuid)340374d8-d9c4-414f-ae7d-916341a67b72 
035 |a urn:nbn:sk:snk-ab55gf 
040 |a SNKBUCL  |b slo  |c SNKBUCL  |e AACR2 
041 0 |a slo 
044 |a xo  |c SK 
100 1 |a Slivka, O.  |4 aut  |9 1532099 
245 1 0 |a Kraus A., Amoniak v krvi pri tehotenských gestózach  |c O. Slivka 
773 0 |t Bratislavské lekárske listy  |g Roč. 43, č. 5 (1963), s. 316-317 
850 |a Slovenská národná knižnica 
852 |a Slovenská národná knižnica 
954 |a odborná, vedecká literatúra pôvodná (slovenská)  |2 lita 
958 |a article3 
958 |a OND 
958 |a EUIPO 
999 |c 3090521  |d 3092451